• 首页
  • 本馆介绍
  • 公告通知
  • 最新文献
  • 馆藏检索
  • 电子资源
  • 读者导购
  • 参考咨询
  • 我的图书馆
  • 登录
  • 详细信息显示
  • 放入我的书架
  • 预约/预借图书
  • 作者相关作品
  • 分类相关作品
  • 丛书相关作品
  • 出版社相关作品

书目信息

  • 表格格式
  • 工作单格式
  • 卡片格式
题名:
傅里叶分析及其应用
    
 
作者: 潘文杰 编著
分册:  
出版信息: 北京   北京大学出版社  2000
页数: 251页
开本: 20cm
丛书名:
单 册:
中图分类: O174.2
科图分类:
主题词: 数学分析 , 傅里叶分析
电子资源:
ISBN: 7-301-04384-8
000 00579nam0 2200205 45
001 0205201558
005 20031219104055.8
010    @a7-301-04384-8@dCNY13.00
100    @a20020520d2000 km y0chiy0120 ea
101 0  @achi
105    @a z 000yy
200 1  @a傅里叶分析及其应用@AFu Li Ye Fen Xi Ji Qi Ying Yong@f潘文杰编著@FPan Wen Jie Bian Zhu
210    @a北京@c北京大学出版社@d2000
215    @a251页@d20cm
606 0  @a数学分析
606 0  @a傅里叶分析
690    @aO174.2@v4
701  0 @a潘文杰@4编著
801    @aCN@bTSTC@c20020520
905    @b310405-409@dO174.2@e114@f5
    
    傅里叶分析及其应用/潘文杰编著.-北京:北京大学出版社,2000
    251页;20cm
    
    
    ISBN 7-301-04384-8:CNY13.00
    
●
相关链接 在E读中查询图书 在五车中查询图书 在当当中查询图书 在豆瓣中查询图书


正题名:傅里叶分析及其应用     索取号:O174.2/114         预约/预借

序号 登录号 条形码 馆藏地/架位号 状态 备注
1 0310405   203104050   第三借阅区/ [索取号:O174.2/114] 在馆    
2 0310406   203104069   第三借阅区/ [索取号:O174.2/114] 在馆    
3 0310407   203104078   第三借阅区/ [索取号:O174.2/114] 在馆    
4 0310408   203104087   第三借阅区/ [索取号:O174.2/114] 在馆    
5 0310409   203104096   第二样本阅览室/ [索取号:O174.2/114] 在馆    
唐山师范学院图书馆 欢迎您!
大连网信软件有限公司© 版权所有